Fr. Conceicao Rodrigues College of Engineering

Problems in operation research (Record no. 22611)

MARC details
000 -LEADER
fixed length control field 00299nam a2200145Ia 4500
082 ## - DEWEY DECIMAL CLASSIFICATION NUMBER
Classification number 658.4034/GUP
Item number GUP
100 ## - MAIN ENTRY--PERSONAL NAME
Personal name Gupta/P.K
245 ## - TITLE STATEMENT
Title Problems in operation research
260 ## - PUBLICATION, DISTRIBUTION, ETC.
Name of publisher, distributor, etc. S.Chand & C0
Date of publication, distribution, etc. 1991
366 ## - TRADE AVAILABILITY INFORMATION
Publishers's discount category 20
300 ## - PHYSICAL DESCRIPTION
Extent 1171
546 ## - LANGUAGE NOTE
Language note ENGLISH
942 ## - ADDED ENTRY ELEMENTS (KOHA)
Koha item type BOOK
Holdings
Withdrawn status Lost status Damaged status Not for loan Collection Home library Current library Date acquired Source of acquisition Cost, normal purchase price Inventory number Total Checkouts Full call number Barcode Date last seen Cost, replacement price Price effective from Koha item type
        CRC Fr. Agnel's C.Rodrigues College of Engineering Fr. Agnel's C.Rodrigues College of Engineering 17/03/2023 Dharma Enterprises 320.00 298 dt 28/04/2009   658.4034/GUP GUP 19614 17/03/2023 400.00   BOOK